[Event "XVII C.to Italiano U20"]
[Site "Bratto - Castione della Presolana ITA"]
[Date "2009.08.27"]
[Round "7"]
[White "De Nardi, Riccardo"]
[Black "Coladangelo, Andrea"]
[Result "1/2-1/2"]
[WhiteElo "2077"]
[BlackElo "1885"]
[PlyCount "120"]
[EventDate "2009.08.21"]

1. e4 c5 2. Nf3 d6 3. d4 cxd4 4. Nxd4 Nf6 5. Nc3 a6 6. Be3 e5 7. Nb3 Be6 8. f3
Be7 9. Qd2 Nbd7 10. O-O-O b5 11. Qf2 Rb8 12. Kb1 Nb6 13. Bd3 Nc4 14. Bc1 Qc7
15. g4 b4 16. Ne2 a5 17. Ng3 a4 18. Nd2 Na3+ 19. bxa3 bxa3+ 20. Nb3 axb3 21.
cxb3 d5 22. g5 Nd7 23. exd5 Bxd5 24. Bf5 Nb6 25. Be4 Be6 26. Qc2 Qxc2+ 27. Bxc2
O-O 28. Ne4 Rfd8 29. Rxd8+ Rxd8 30. Nc3 Nd5 31. Nxd5 Rxd5 32. Be4 Rd8 33. Be3
Bd5 34. Bxd5 Rxd5 35. Kc2 Bc5 36. Bxc5 Rxc5+ 37. Kd3 f5 38. gxf6 gxf6 39. b4
Rd5+ 40. Kc3 Kf7 41. Rb1 Ke6 42. Rb3 Rd1 43. Rxa3 Rf1 44. Kc4 Rf2 45. h3 Rh2
46. f4 exf4 47. b5 f3 48. Rxf3 Rxa2 49. b6 Rb2 50. Kc5 f5 51. Rc3 Ke5 52. Kc6
f4 53. Rc5+ Ke4 54. Rh5 f3 55. Rxh7 f2 56. Rf7 Ke3 57. b7 Ke2 58. Kc7 Rc2+ 59.
Kd8 Rb2 60. Kc8 Rc2+ 1/2-1/2

[Event "XVII C.to Italiano U20"]
[Site "Bratto - Castione della Presolana ITA"]
[Date "2009.08.27"]
[Round "7"]
[White "Gallana, Marco"]
[Black "Sorbera, Giovanni"]
[Result "1-0"]
[WhiteElo "1980"]
[BlackElo "1917"]
[PlyCount "25"]
[EventDate "2009.08.21"]

1. d4 Nf6 2. c4 c5 3. d5 b5 4. Nf3 bxc4 5. Nc3 g6 6. e4 d6 7. Bxc4 Bg7 8. O-O
Bg4 9. Qa4+ Nfd7 10. e5 O-O 11. exd6 exd6 12. Be2 Nb6 13. Qxg4 1-0

[Event "XVII C.to Italiano U20"]
[Site "Bratto - Castione della Presolana ITA"]
[Date "2009.08.27"]
[Round "7"]
[White "Gallucci, Alessio"]
[Black "Paltrinieri, Nicholas"]
[Result "0-1"]
[WhiteElo "2240"]
[BlackElo "1998"]
[PlyCount "76"]
[EventDate "2009.08.21"]

1. e4 d5 2. exd5 Nf6 3. d4 Nxd5 4. Nf3 g6 5. c4 Nb6 6. Bd2 Bg7 7. Bc3 O-O 8.
Be2 Qe8 9. b3 Bf5 10. O-O N8d7 11. Qc1 Rd8 12. Re1 c5 13. d5 Nf6 14. Qb2 Nbd7
15. Nbd2 b5 16. b4 Nb6 17. a4 bxc4 18. d6 cxb4 19. dxe7 bxc3 20. exd8=Q Qxd8
21. Qxc3 Ne4 22. Qb4 Bc3 23. Qa3 Bxd2 24. Nxd2 Qxd2 25. Rad1 Qc3 26. Qe7 Nxa4
27. Rc1 Qd4 28. Rf1 Nac3 29. Bf3 Rb8 30. Ra1 Nd2 31. Rxa7 Nxf3+ 32. gxf3 Be6
33. Kg2 Nd5 34. Qa3 Nf4+ 35. Kh1 Bd5 36. Re7 Qc5 37. Qe3 Qxe7 38. Qxf4 Rb3 0-1

[Event "XVII C.to Italiano U20"]
[Site "Bratto - Castione della Presolana ITA"]
[Date "2009.08.27"]
[Round "7"]
[White "Palmitessa, Andrea"]
[Black "Rombaldoni, Brian"]
[Result "0-1"]
[WhiteElo "1796"]
[BlackElo "1831"]
[PlyCount "60"]
[EventDate "2009.08.21"]

1. e4 c6 2. d4 d5 3. Nc3 dxe4 4. Nxe4 Nd7 5. Bc4 Ngf6 6. Ng5 e6 7. Qe2 Nb6 8.
Bd3 Qxd4 9. N1f3 Bb4+ 10. Kf1 Qd8 11. Ne5 O-O 12. h4 Bd6 13. Nexf7 Rxf7 14.
Nxf7 Kxf7 15. g4 Kg8 16. g5 Ne8 17. Qh5 g6 18. Bxg6 hxg6 19. Qxg6+ Ng7 20. h5
Qe8 21. Qh6 Nf5 22. Qf6 Nd5 23. Qg6+ Qxg6 24. hxg6 Nde7 25. Bd2 Nxg6 26. Ke2 b6
27. Kf3 Ne5+ 28. Ke4 c5 29. Rhd1 Bb7+ 30. Kf4 Nd3+ 0-1

[Event "XVII C.to Italiano U20"]
[Site "Bratto - Castione della Presolana ITA"]
[Date "2009.08.27"]
[Round "7"]
[White "Pascucci, Marco"]
[Black "Codenotti, Marco"]
[Result "1-0"]
[WhiteElo "2008"]
[BlackElo "2117"]
[PlyCount "107"]
[EventDate "2009.08.21"]

1. Nf3 Nf6 2. g3 g6 3. Bg2 Bg7 4. O-O O-O 5. d3 d6 6. e4 c5 7. Nc3 Nc6 8. h3
Rb8 9. Nh4 b5 10. f4 b4 11. Ne2 Ne8 12. Qe1 Nc7 13. g4 Nb5 14. Nf3 a5 15. f5
Ba6 16. Qh4 Nbd4 17. Nexd4 Nxd4 18. Bh6 Nxf3+ 19. Rxf3 c4 20. Bxg7 Kxg7 21. g5
h5 22. gxh6+ Kh7 23. Raf1 g5 24. Qxg5 Rg8 25. Qh5 Qe8 26. f6 e6 27. Qxa5 Qb5
28. Qxb5 Bxb5 29. R1f2 cxd3 30. cxd3 Ra8 31. b3 Rac8 32. Kh2 e5 33. Bf1 Kxh6
34. Be2 Rc2 35. h4 Rxa2 36. Rf5 Rc8 37. Rg2 Rxe2 38. Rxe2 Bxd3 39. Re3 Rc3 40.
Rg5 Rxb3 41. Rg8 Rb2+ 42. Kg1 Rb1+ 43. Kf2 Rf1+ 44. Kg2 Rd1 45. Kh2 Rd2+ 46.
Kg1 Rd1+ 47. Kf2 Rf1+ 48. Kg2 Rd1 49. Reg3 Bxe4+ 50. Kf2 Bh7 51. Rh8 Rd2+ 52.
Ke1 Rb2 53. Rg7 Rb1+ 54. Kf2 1-0

[Event "XVII C.to Italiano U20"]
[Site "Bratto - Castione della Presolana ITA"]
[Date "2009.08.27"]
[Round "7"]
[White "Stella, Andrea"]
[Black "Fiducioso, Marco"]
[Result "1-0"]
[WhiteElo "2301"]
[BlackElo "2122"]
[PlyCount "105"]
[EventDate "2009.08.21"]

1. d4 e6 2. c4 b6 3. Nf3 Bb7 4. g3 f5 5. Bg2 Nf6 6. O-O Be7 7. d5 O-O 8. Nd4 c5
9. Nb5 exd5 10. N1c3 Ne4 11. Nxd5 Nc6 12. Bf4 Nb4 13. Nxe7+ Qxe7 14. a3 g5 15.
Bc7 Na6 16. Bd6 Nxd6 17. Bxb7 Nxb7 18. Qd5+ Qe6 19. Qxb7 Qxc4 20. Qxa6 Rae8 21.
Nc7 Qxa6 22. Nxa6 Rxe2 23. b4 c4 24. Rac1 Rc8 25. Rfd1 c3 26. Rxd7 Ra2 27. Rc7
Rxc7 28. Nxc7 Rxa3 29. Nb5 Rb3 30. Rxc3 Rxb4 31. Nxa7 f4 32. Kg2 fxg3 33. hxg3
Kg7 34. Rc6 h5 35. Nc8 b5 36. Nd6 h4 37. Rc5 Kg6 38. gxh4 Rxh4 39. Rxb5 Ra4 40.
Nf5 Rg4+ 41. Ng3 Ra4 42. Rb6+ Kg7 43. Nf5+ Kf7 44. Kg3 Rf4 45. Nh6+ Kg7 46. Ng4
Re4 47. Nh2 Ra4 48. Nf3 Ra5 49. Ng1 Ra3+ 50. Kg2 Ra4 51. Nh3 Ra5 52. Kg3 Ra1
53. Nxg5 1-0

[Event "XVII C.to Italiano U20"]
[Site "Bratto - Castione della Presolana ITA"]
[Date "2009.08.27"]
[Round "7"]
[White "Stella, Luca"]
[Black "Delledonne, Francesco"]
[Result "1-0"]
[WhiteElo "1987"]
[BlackElo "1936"]
[PlyCount "57"]
[EventDate "2009.08.21"]

1. e4 c6 2. Nc3 d5 3. Nf3 Bg4 4. h3 Bxf3 5. Qxf3 Nf6 6. d3 e6 7. Qg3 Nbd7 8.
Be2 g6 9. O-O Bg7 10. Bf4 Qb6 11. Rab1 O-O 12. e5 Ne8 13. Rfe1 Nc7 14. h4 Qa6
15. Bf3 b5 16. Nd1 Qxa2 17. Ne3 Qa6 18. Ng4 Qb7 19. Bh6 Ne8 20. Bg5 Nb6 21. Qf4
a5 22. g3 a4 23. Kg2 a3 24. b3 Qc7 25. h5 c5 26. Bh6 c4 27. Bxg7 Kxg7 28. Qh6+
Kg8 29. Nf6+ 1-0

[Event "XVII C.to Italiano U20"]
[Site "Bratto - Castione della Presolana ITA"]
[Date "2009.08.27"]
[Round "7"]
[White "Xia, Jie"]
[Black "Testa, Adriano"]
[Result "0-1"]
[WhiteElo "2206"]
[BlackElo "2142"]
[PlyCount "106"]
[EventDate "2009.08.21"]

1. e4 d5 2. exd5 Qxd5 3. Nc3 Qa5 4. d4 Nf6 5. Nf3 c6 6. Ne5 Be6 7. Bd2 Nbd7 8.
Nxd7 Nxd7 9. Bd3 g6 10. O-O Bg7 11. Ne4 Qb6 12. c3 h6 13. Qe2 O-O 14. b4 Bf5
15. Nc5 Bxd3 16. Nxd3 Rfe8 17. Ne5 Nxe5 18. dxe5 Qb5 19. Qxb5 cxb5 20. f4 f6
21. exf6 Bxf6 22. a4 Red8 23. Be1 bxa4 24. Rxa4 a6 25. Rf3 Rac8 26. Kf2 Rd6 27.
Ra3 Kf7 28. Re3 Rc4 29. g3 g5 30. fxg5 hxg5 31. Ra2 Rdc6 32. Ra3 Rc8 33. Rd3
R8c7 34. Ra5 g4 35. Rf5 Kg6 36. Rfd5 e6 37. Rd6 Kf5 38. Bd2 Bxc3 39. Bxc3 Rxc3
40. Rxc3 Rxc3 41. Rd7 b5 42. Ra7 Rb3 43. Rf7+ Kg5 44. Rg7+ Kh5 45. Ra7 Rxb4 46.
Rxa6 Re4 47. Ra8 Kg6 48. Rh8 b4 49. h3 gxh3 50. Kf3 b3 51. Rg8+ Kf7 52. Rb8 h2
53. Kg2 Re2+ 0-1

[Event "XVII C.to Italiano U20"]
[Site "Bratto - Castione della Presolana ITA"]
[Date "2009.08.28"]
[Round "8"]
[White "Bellemo, Davide"]
[Black "Gallana, Marco"]
[Result "0-1"]
[WhiteElo "2092"]
[BlackElo "1980"]
[PlyCount "64"]
[EventDate "2009.08.21"]

1. d4 Nf6 2. c4 g6 3. Nc3 d5 4. cxd5 Nxd5 5. e4 Nxc3 6. bxc3 Bg7 7. Bc4 c5 8.
Ne2 O-O 9. Be3 Nc6 10. Rc1 cxd4 11. cxd4 Qa5+ 12. Kf1 Qa3 13. Rc3 Qd6 14. Bb3
Rd8 15. Rd3 b6 16. Rd2 Ba6 17. e5 Qb4 18. f4 Rac8 19. Kf2 Na5 20. d5 Nc4 21.
Bxc4 Qxc4 22. Qb3 Rxd5 23. Qxc4 Bxc4 24. Rhd1 Rcd8 25. Nd4 e6 26. Nc6 Rxd2+ 27.
Bxd2 Rd7 28. Ke3 Bf8 29. Nd4 Bc5 30. Bc3 Bxa2 31. g4 b5 32. Ra1 Bc4 0-1

[Event "XVII C.to Italiano U20"]
[Site "Bratto - Castione della Presolana ITA"]
[Date "2009.08.28"]
[Round "8"]
[White "Caldonazzo, Matteo"]
[Black "Palmitessa, Andrea"]
[Result "1-0"]
[WhiteElo "1802"]
[BlackElo "1796"]
[PlyCount "41"]
[EventDate "2009.08.21"]

1. d4 d5 2. Nf3 Nf6 3. e3 e6 4. Bd3 Nbd7 5. O-O Bd6 6. b3 O-O 7. Bb2 b6 8. Nbd2
c6 9. Ne5 Qc7 10. f4 c5 11. Rf3 h6 12. Rh3 cxd4 13. exd4 Nh7 14. Qe2 Nxe5 15.
fxe5 Be7 16. Nf3 Ng5 17. Nxg5 Bxg5 18. Bc1 Qe7 19. Bxg5 Qxg5 20. Rf1 f6 21. Rh5
1-0

[Event "XVII C.to Italiano U20"]
[Site "Bratto - Castione della Presolana ITA"]
[Date "2009.08.28"]
[Round "8"]
[White "Codenotti, Marco"]
[Black "Bonafede, Alessandro"]
[Result "0-1"]
[WhiteElo "2117"]
[BlackElo "2288"]
[PlyCount "71"]
[EventDate "2009.08.21"]

1. e4 c5 2. Nf3 Nc6 3. d4 cxd4 4. Nxd4 Nf6 5. Nc3 e5 6. Ndb5 d6 7. Bg5 a6 8.
Na3 b5 9. Bxf6 gxf6 10. Nd5 Bg7 11. c3 f5 12. exf5 Bxf5 13. Nc2 O-O 14. Nce3
Be6 15. Bd3 f5 16. O-O Ra7 17. a4 Ne7 18. Nxe7+ Rxe7 19. axb5 axb5 20. Bxb5 d5
21. Ra6 Kh8 22. Qa4 f4 23. Nc2 Bf5 24. Nb4 Ref7 25. Bc6 Qg5 26. Bxd5 Bh3 27.
Nc2 f3 28. g3 Bxf1 29. Kxf1 Qd2 30. Ne3 Bh6 31. Rxh6 Ra7 32. Qd1 Qxb2 33. Nc2
Qxc2 34. Bxf3 Qxc3 35. Be4 Qb2 36. Kg2 0-1

[Event "XVII C.to Italiano U20"]
[Site "Bratto - Castione della Presolana ITA"]
[Date "2009.08.28"]
[Round "8"]
[White "De Filomeno, Simone"]
[Black "Testa, Adriano"]
[Result "1-0"]
[WhiteElo "2221"]
[BlackElo "2142"]
[PlyCount "55"]
[EventDate "2009.08.21"]

1. e4 c6 2. d4 d5 3. e5 Bf5 4. Nd2 a6 5. Nb3 e6 6. Nf3 Nd7 7. Be2 h6 8. O-O Ne7
9. Bd2 c5 10. Nxc5 Nxc5 11. dxc5 Qc7 12. b4 Ng6 13. Re1 Bg4 14. Nd4 Bxe2 15.
Qxe2 Be7 16. Nxe6 fxe6 17. Qh5 Kf7 18. Re3 Bf6 19. Rae1 Qd7 20. exf6 gxf6 21.
Rxe6 Qxe6 22. Rxe6 Kxe6 23. Qxg6 Rag8 24. Qd3 Re8 25. Bf4 Rhg8 26. Kf1 Re7 27.
Bxh6 Rge8 28. Be3 1-0

[Event "XVII C.to Italiano U20"]
[Site "Bratto - Castione della Presolana ITA"]
[Date "2009.08.28"]
[Round "8"]
[White "Delledonne, Francesco"]
[Black "Coladangelo, Andrea"]
[Result "1/2-1/2"]
[WhiteElo "1936"]
[BlackElo "1885"]
[PlyCount "56"]
[EventDate "2009.08.21"]

1. e4 c5 2. Nf3 d6 3. d4 cxd4 4. Nxd4 Nf6 5. Nc3 a6 6. Bg5 e6 7. f4 Qb6 8. Qd2
Qxb2 9. Rb1 Qa3 10. f5 Nc6 11. fxe6 fxe6 12. Nxc6 bxc6 13. e5 dxe5 14. Bxf6
gxf6 15. Be2 h5 16. Ne4 Be7 17. Rb3 Qa4 18. c4 f5 19. O-O fxe4 20. Qc3 Qxa2 21.
Bd1 Rf8 22. Bxh5+ Kd8 23. Rd1+ Bd7 24. Qe3 Qa5 25. Rb7 Bc5 26. Rdxd7+ Kc8 27.
Rbc7+ Kb8 28. Rb7+ Kc8 1/2-1/2

[Event "XVII C.to Italiano U20"]
[Site "Bratto - Castione della Presolana ITA"]
[Date "2009.08.28"]
[Round "8"]
[White "Fiducioso, Marco"]
[Black "Pascucci, Marco"]
[Result "1/2-1/2"]
[WhiteElo "2122"]
[BlackElo "2008"]
[PlyCount "31"]
[EventDate "2009.08.21"]

1. e4 e6 2. d4 d5 3. Nf3 Nf6 4. Nc3 dxe4 5. Ng5 Be7 6. Ncxe4 Nbd7 7. c3 Nxe4 8.
Nxe4 Nf6 9. Nxf6+ Bxf6 10. Bb5+ Bd7 11. Bxd7+ Qxd7 12. O-O O-O 13. Qf3 Qd5 14.
Qxd5 exd5 15. Bf4 c6 16. a3 1/2-1/2

[Event "XVII C.to Italiano U20"]
[Site "Bratto - Castione della Presolana ITA"]
[Date "2009.08.28"]
[Round "8"]
[White "Mereu, Matteo"]
[Black "Sorbera, Giovanni"]
[Result "0-1"]
[WhiteElo "1964"]
[BlackElo "1917"]
[PlyCount "138"]
[EventDate "2009.08.21"]

1. e4 Nf6 2. e5 Nd5 3. c4 Nb6 4. d4 d6 5. f4 g5 6. Nc3 Bg7 7. g3 dxe5 8. fxe5
Nc6 9. c5 Nd5 10. Bb5 g4 11. Qa4 Nxc3 12. bxc3 Qd5 13. Be3 Qxh1 14. O-O-O Qe4
15. Bf4 O-O 16. Bd3 Qd5 17. Ne2 Qd7 18. Qc2 h6 19. Qd2 f5 20. Bxh6 Bxh6 21.
Qxh6 e6 22. h3 Qg7 23. Qe3 Bd7 24. Nf4 Ne7 25. hxg4 Qxg4 26. Be2 Qg5 27. Rh1
Nd5 28. Nxd5 Qxe3+ 29. Nxe3 Kg7 30. Rf1 b6 31. cxb6 axb6 32. Bc4 c6 33. Bb3 Rg8
34. g4 Rgf8 35. gxf5 exf5 36. e6 f4 37. Ng4 Be8 38. Ne5 c5 39. Nf7 Rc8 40. Nd6
Rc6 41. Nxe8+ Rxe8 42. d5 Rd6 43. Rxf4 Re7 44. c4 Rd8 45. Re4 Kf6 46. Ba4 Rg7
47. Re2 Ke7 48. Bb5 Rf8 49. Rh2 Rf1+ 50. Kb2 Kd6 51. Re2 Ke7 52. Ba6 Kd6 53.
Bb5 Rh1 54. Be8 Rgg1 55. Kb3 Rb1+ 56. Kc2 Rbc1+ 57. Kd3 Rhd1+ 58. Rd2 Rxd2+ 59.
Kxd2 Rxc4 60. Bc6 Re4 61. a4 c4 62. Kc3 Kc5 63. Kc2 Kb4 64. d6 Rxe6 65. d7 Rd6
66. Bb5 Kc5 67. Kc3 Rd3+ 68. Kc2 Kb4 69. Bc6 Rd4 0-1

[Event "XVII C.to Italiano U20"]
[Site "Bratto - Castione della Presolana ITA"]
[Date "2009.08.28"]
[Round "8"]
[White "Paltrinieri, Nicholas"]
[Black "Stella, Andrea"]
[Result "0-1"]
[WhiteElo "1998"]
[BlackElo "2301"]
[PlyCount "98"]
[EventDate "2009.08.21"]

1. f4 d5 2. Nf3 g6 3. g3 Bg7 4. Bg2 Nf6 5. O-O O-O 6. d3 c5 7. c3 Nc6 8. Qe1 d4
9. e4 dxe3 10. Qxe3 Qd6 11. Na3 Rd8 12. Rd1 Be6 13. Qe1 Nd5 14. Nc4 Qc7 15.
Nce5 Nxe5 16. fxe5 Bg4 17. Bf4 Qd7 18. Be3 Qf5 19. Qf2 Nxe3 20. Qxe3 Bxf3 21.
Bxf3 Qxe5 22. Qf2 Rab8 23. Rf1 Bf6 24. Rae1 Qd6 25. Be4 b5 26. Kh1 b4 27. g4
Rf8 28. c4 Qd4 29. Qg3 Qxb2 30. h4 Be5 31. Qh3 b3 32. axb3 Rxb3 33. g5 Ra3 34.
Rg1 Ra2 35. Rg2 Qc3 36. Reg1 Rxg2 37. Qxg2 Rb8 38. Qh3 Rb2 39. Bg2 Qd4 40. h5
gxh5 41. Qxh5 Rf2 42. Re1 Bd6 43. Qh3 a5 44. Rb1 a4 45. Be4 Rh2+ 46. Qxh2 Bxh2
47. Kxh2 a3 48. Rb8+ Kg7 49. Ra8 Qb2+ 0-1

[Event "XVII C.to Italiano U20"]
[Site "Bratto - Castione della Presolana ITA"]
[Date "2009.08.28"]
[Round "8"]
[White "Rombaldoni, Brian"]
[Black "De Bortoli, Thomas"]
[Result "1-0"]
[WhiteElo "1831"]
[BlackElo "1870"]
[PlyCount "93"]
[EventDate "2009.08.21"]

1. b3 d5 2. Bb2 Bg4 3. f3 Bf5 4. e3 Nd7 5. f4 c6 6. Nf3 Qc7 7. Be2 Ngf6 8. Nh4
e6 9. Nxf5 exf5 10. O-O Bc5 11. c4 dxc4 12. Bxc4 Rd8 13. Qc2 g6 14. Bxf6 Nxf6
15. Bxf7+ Kxf7 16. Qxc5 b6 17. Qc4+ Kg7 18. Rd1 Rhe8 19. Nc3 Ne4 20. Nxe4 Rxe4
21. Qc3+ Kg8 22. Rac1 Rd6 23. b4 Qd7 24. Qb3+ Kg7 25. Qb2+ Kg8 26. Rc3 h6 27.
a3 Kh7 28. Qc2 Qe8 29. Rd3 Qd7 30. Rxd6 Qxd6 31. Qc3 g5 32. fxg5 hxg5 33. Rf1
Kg6 34. g3 Re5 35. Rf2 a5 36. Qc4 axb4 37. axb4 Re4 38. Qc2 Qe6 39. Qb1 Qc4 40.
d3 Qxb4 41. Rb2 Qc5 42. dxe4 Qxe3+ 43. Rf2 fxe4 44. Qb2 b5 45. Kg2 Qd3 46. Qf6+
Kh7 47. Qe7+ 1-0

[Event "XVII C.to Italiano U20"]
[Site "Bratto - Castione della Presolana ITA"]
[Date "2009.08.28"]
[Round "8"]
[White "Stella, Luca"]
[Black "Gallucci, Alessio"]
[Result "1/2-1/2"]
[WhiteElo "1987"]
[BlackElo "2240"]
[PlyCount "45"]
[EventDate "2009.08.21"]

1. e4 c5 2. Nf3 d6 3. d4 cxd4 4. Nxd4 Nf6 5. Nc3 g6 6. Be3 Bg7 7. f3 Nc6 8. Qd2
O-O 9. O-O-O d5 10. h4 Nxd4 11. Bxd4 dxe4 12. h5 e5 13. h6 Bh8 14. Bc5 Bf5 15.
Qg5 Qa5 16. Be7 Rac8 17. Bxf6 Rxc3 18. bxc3 Qxc3 19. fxe4 Qa3+ 20. Kd2 Qb4+ 21.
Kc1 Qa3+ 22. Kd2 Qb4+ 23. Kc1 1/2-1/2

[Event "XVII C.to Italiano U20"]
[Site "Bratto - Castione della Presolana ITA"]
[Date "2009.08.28"]
[Round "8"]
[White "Valbusa, Lorenzo"]
[Black "Campagnola, Giacomo"]
[Result "1-0"]
[WhiteElo "1749"]
[BlackElo "1821"]
[PlyCount "61"]
[EventDate "2009.08.21"]

1. e4 c5 2. Nf3 Nc6 3. d4 cxd4 4. Nxd4 Nf6 5. Nc3 e5 6. Ndb5 d6 7. Nd5 Nxd5 8.
exd5 Nb8 9. c3 Be7 10. Be3 O-O 11. Bxa7 Bf5 12. Bxb8 Rxb8 13. Be2 Bg6 14. O-O
f5 15. Bh5 Qd7 16. c4 Rf6 17. Bxg6 Rxg6 18. f3 Bg5 19. Qd3 Rf8 20. g3 Rff6 21.
Rf2 Qd8 22. Kf1 e4 23. fxe4 fxe4 24. Qxe4 Rxf2+ 25. Kxf2 Rf6+ 26. Kg2 Qf8 27.
Qe2 h5 28. Rf1 h4 29. Rxf6 Qxf6 30. Qe6+ Qxe6 31. dxe6 1-0

[Event "XVII C.to Italiano U20"]
[Site "Bratto - Castione della Presolana ITA"]
[Date "2009.08.28"]
[Round "8"]
[White "Xia, Jie"]
[Black "De Nardi, Riccardo"]
[Result "1-0"]
[WhiteElo "2206"]
[BlackElo "2077"]
[PlyCount "79"]
[EventDate "2009.08.21"]

1. d4 Nf6 2. Nc3 d5 3. Bg5 e6 4. e4 dxe4 5. Nxe4 Be7 6. Bxf6 Bxf6 7. Nf3 O-O 8.
Bc4 Nc6 9. c3 b6 10. Qe2 Bb7 11. O-O-O Na5 12. Bd3 Rb8 13. h4 Bxe4 14. Qxe4 g6
15. h5 Nb7 16. hxg6 hxg6 17. Ne5 Qe8 18. Qe3 Qe7 19. Qh3 Rfe8 20. Qh7+ Kf8 21.
Nc6 Qd6 22. Nxb8 Rxb8 23. g3 Qd5 24. Kb1 Nd6 25. Qh6+ Bg7 26. Qf4 Kg8 27. Bc2
a5 28. Qh4 Qc6 29. Qh7+ Kf8 30. Rh4 Ne8 31. Rf4 Nf6 32. Qh4 Nd5 33. Rf3 Kg8 34.
Be4 a4 35. Rh1 f5 36. Bxd5 Qxd5 37. Re3 Kf7 38. Rhe1 Re8 39. Qf4 Re7 40. g4 1-0

[Event "XVII C.to Italiano U20"]
[Site "Bratto - Castione della Presolana ITA"]
[Date "2009.08.29"]
[Round "9"]
[White "Campagnola, Giacomo"]
[Black "Palmitessa, Andrea"]
[Result "1/2-1/2"]
[WhiteElo "1821"]
[BlackElo "1796"]
[PlyCount "29"]
[EventDate "2009.08.21"]

1. e4 e5 2. Nf3 Nc6 3. d4 exd4 4. Bc4 Nf6 5. O-O Be7 6. e5 Ng4 7. Re1 d6 8. e6
Bxe6 9. Bxe6 fxe6 10. Nxd4 Nxd4 11. Qxd4 Nf6 12. Rxe6 O-O 13. Nc3 d5 14. Bg5 c6
15. Rae1 1/2-1/2

[Event "XVII C.to Italiano U20"]
[Site "Bratto - Castione della Presolana ITA"]
[Date "2009.08.29"]
[Round "9"]
[White "Coladangelo, Andrea"]
[Black "Rombaldoni, Brian"]
[Result "1/2-1/2"]
[WhiteElo "1885"]
[BlackElo "1831"]
[PlyCount "119"]
[EventDate "2009.08.21"]

1. e4 c6 2. d4 d5 3. exd5 cxd5 4. c4 Nf6 5. Nc3 e6 6. c5 b6 7. b4 Bd7 8. Nf3
Be7 9. Bf4 O-O 10. Bd3 a6 11. O-O Nh5 12. Be3 g6 13. Qc2 Nc6 14. Rab1 f5 15.
Na4 bxc5 16. bxc5 a5 17. Bd2 Nf6 18. Nb6 Ra7 19. Bf4 Nb4 20. Qd2 Ne4 21. Bxe4
dxe4 22. Ne5 Be8 23. Nec4 Nc6 24. Bd6 Nb4 25. Bxe7 Rxe7 26. Nxa5 Nd5 27. Nac4
Nxb6 28. Rxb6 Bf7 29. Nd6 Ra7 30. Rfb1 Qa8 31. R1b2 Qd5 32. Nb5 Ra4 33. Rd6 Qc4
34. Qc2 Rb8 35. Qxc4 Rxc4 36. Kf1 e5 37. Rb6 Re8 38. Nd6 Rc1+ 39. Ke2 Re7 40.
Nxf7 Kxf7 41. Kd2 Rc4 42. dxe5 Rxc5 43. Rb7 Rcxe5 44. Rxe7+ Rxe7 45. a4 Ra7 46.
Ra2 Kf6 47. Ke3 Ke5 48. a5 Ra6 49. Ra4 g5 50. g3 f4+ 51. gxf4+ gxf4+ 52. Kd2
Rd6+ 53. Ke2 f3+ 54. Ke1 Ra6 55. Kd1 Kf4 56. Kd2 h6 57. Ke1 h5 58. Kd1 Rd6+ 59.
Ke1 Ra6 60. Kd1 1/2-1/2

[Event "XVII C.to Italiano U20"]
[Site "Bratto - Castione della Presolana ITA"]
[Date "2009.08.29"]
[Round "9"]
[White "De Bortoli, Thomas"]
[Black "Caldonazzo, Matteo"]
[Result "0-1"]
[WhiteElo "1870"]
[BlackElo "1802"]
[PlyCount "78"]
[EventDate "2009.08.21"]

1. e4 e6 2. d4 d5 3. Nc3 Nf6 4. e5 Nfd7 5. f4 c5 6. Nf3 Nc6 7. Ne2 Be7 8. g3
O-O 9. Bg2 Qb6 10. c3 f6 11. Bh3 Na5 12. O-O fxe5 13. fxe5 Rf7 14. Ng5 Rxf1+
15. Qxf1 Bxg5 16. Bxg5 Nf8 17. Be7 Ng6 18. Bxc5 Qxb2 19. Rc1 b6 20. Bb4 Nc4 21.
Qf2 Nd2 22. Re1 a5 23. Bd6 Ra7 24. Nf4 Rf7 25. Qe3 Nc4 26. Qf3 Nxf4 27. gxf4
Qd2 28. Rf1 Qe3+ 29. Qxe3 Nxe3 30. Re1 Nc4 31. f5 exf5 32. e6 Rf6 33. e7 Nxd6
34. e8=Q+ Nxe8 35. Rxe8+ Rf8 36. Re5 f4 37. Bg2 f3 38. Bxf3 Rxf3 39. Rxd5 Bh3
0-1

[Event "XVII C.to Italiano U20"]
[Site "Bratto - Castione della Presolana ITA"]
[Date "2009.08.29"]
[Round "9"]
[White "De Filomeno, Simone"]
[Black "Paltrinieri, Nicholas"]
[Result "1-0"]
[WhiteElo "2221"]
[BlackElo "1998"]
[PlyCount "49"]
[EventDate "2009.08.21"]

1. e4 d5 2. exd5 Qxd5 3. Nc3 Qd6 4. d4 Nf6 5. Bd3 Bg4 6. f3 Bh5 7. Nge2 e6 8.
O-O Be7 9. Bf4 Qd7 10. Qe1 Nc6 11. Rd1 O-O-O 12. Bb5 Nd5 13. Nxd5 exd5 14. c4
Bf6 15. Be5 Rhe8 16. Qc3 Bxe5 17. dxe5 Qe7 18. Bxc6 bxc6 19. Ng3 d4 20. Qa5
Qxe5 21. Qa6+ Kd7 22. Nxh5 Qxh5 23. Rxd4+ Ke7 24. Qxa7 Qe5 25. Re4 1-0

[Event "XVII C.to Italiano U20"]
[Site "Bratto - Castione della Presolana ITA"]
[Date "2009.08.29"]
[Round "9"]
[White "De Nardi, Riccardo"]
[Black "Valbusa, Lorenzo"]
[Result "1-0"]
[WhiteElo "2077"]
[BlackElo "1749"]
[PlyCount "59"]
[EventDate "2009.08.21"]

1. e4 c5 2. f4 Nc6 3. Nf3 e6 4. g3 g6 5. Bg2 Bg7 6. O-O Nge7 7. d3 O-O 8. c3 d5
9. e5 a6 10. g4 b5 11. d4 cxd4 12. cxd4 Bd7 13. Be3 Rc8 14. Nbd2 Nb4 15. Qb3
Qa5 16. a3 Nc2 17. Rac1 Nxe3 18. Qxe3 Rc7 19. Nb3 Qb6 20. Nc5 Rfc8 21. b4 Nc6
22. Ne1 a5 23. Ned3 Bf8 24. f5 axb4 25. axb4 Bxc5 26. bxc5 Qa5 27. f6 Kh8 28.
Qh6 Rg8 29. Rf3 Qd2 30. Qxd2 1-0

[Event "XVII C.to Italiano U20"]
[Site "Bratto - Castione della Presolana ITA"]
[Date "2009.08.29"]
[Round "9"]
[White "Delledonne, Francesco"]
[Black "Mereu, Matteo"]
[Result "1/2-1/2"]
[WhiteElo "1936"]
[BlackElo "1964"]
[PlyCount "77"]
[EventDate "2009.08.21"]

1. d4 e5 2. dxe5 Nc6 3. Nf3 f6 4. exf6 Nxf6 5. Nc3 d5 6. Bg5 Bb4 7. a3 Ba5 8.
e3 Be6 9. Be2 O-O 10. Nd4 Nxd4 11. exd4 Qe8 12. O-O c6 13. Bh4 Qg6 14. Bg3 h5
15. b4 Bb6 16. Na4 Qh6 17. Nxb6 axb6 18. Qc1 g5 19. Bh4 Nh7 20. Bd3 Bf5 21.
Bxf5 Rxf5 22. Bg3 h4 23. Be5 Qh5 24. c4 h3 25. Bg3 hxg2 26. Re1 g4 27. Re5 Rxe5
28. Bxe5 Ng5 29. Kxg2 Rf8 30. Bg3 Ne4 31. cxd5 Qxd5 32. Kg1 Ng5 33. Qe3 Nh3+
34. Kf1 Nxf2 35. Bxf2 Qh1+ 36. Ke2 Qxa1 37. Qg5+ Kf7 38. Qf5+ Kg7 39. Qg5+
1/2-1/2

[Event "XVII C.to Italiano U20"]
[Site "Bratto - Castione della Presolana ITA"]
[Date "2009.08.29"]
[Round "9"]
[White "Gallana, Marco"]
[Black "Fiducioso, Marco"]
[Result "0-1"]
[WhiteElo "1980"]
[BlackElo "2122"]
[PlyCount "71"]
[EventDate "2009.08.21"]

1. d4 d5 2. c4 c6 3. Nc3 Nf6 4. cxd5 cxd5 5. Nf3 Nc6 6. Bf4 a6 7. e3 e6 8. Bd3
Be7 9. h3 O-O 10. O-O b5 11. Rc1 Bb7 12. a3 Na5 13. Bb1 Rc8 14. Ne5 Nc4 15. Qe2
Qa5 16. Bg5 Rc7 17. Na2 h6 18. Bh4 Rfc8 19. Nb4 Nxe5 20. Rxc7 Qxc7 21. dxe5
Qxe5 22. Nd3 Qd6 23. Bg3 Qd8 24. Be5 Ne4 25. f3 Nd6 26. Nf4 Bf6 27. Bxf6 Qxf6
28. b4 Nf5 29. Kh2 Qe5 30. Bxf5 Qxf5 31. Nd3 Rc3 32. Nc5 Bc8 33. e4 Qf4+ 34.
Kh1 d4 35. e5 Rc1 36. Rd1 0-1

[Event "XVII C.to Italiano U20"]
[Site "Bratto - Castione della Presolana ITA"]
[Date "2009.08.29"]
[Round "9"]
[White "Gallucci, Alessio"]
[Black "Xia, Jie"]
[Result "1/2-1/2"]
[WhiteElo "2240"]
[BlackElo "2206"]
[PlyCount "53"]
[EventDate "2009.08.21"]

1. e4 c5 2. Nf3 d6 3. d4 cxd4 4. Nxd4 Nf6 5. Nc3 g6 6. Be3 Bg7 7. f3 O-O 8. Qd2
Nc6 9. O-O-O Nxd4 10. Bxd4 Be6 11. Kb1 Qc7 12. h4 Rfc8 13. g4 Qa5 14. a3 Rab8
15. h5 b5 16. hxg6 hxg6 17. Nd5 Qxd2 18. Rxd2 Bxd5 19. exd5 a5 20. Rdh2 Re8 21.
c4 bxc4 22. Bxc4 Rec8 23. Ba2 a4 24. f4 Rb7 25. f5 g5 26. Ka1 Rbc7 27. Rb1
1/2-1/2